[Event "MGL-HUN Friendship Cup 2019"]
[Site "Debrecen"]
[Date "2019.09.14"]
[Round "9.2"]
[White "Nomin-Erdene, Davaademberel"]
[Black "Laketic, Gojko"]
[Result "1-0"]
[WhiteElo "2377"]
[BlackElo "2367"]
[Annotator "NA"]
[PlyCount "79"]
[EventDate "2019.09.09"]
[EventType "tourn"]
[EventCountry "HUN"]
[SourceTitle "playchess.com"]
[Source "ChessBase"]
[SourceQuality "1"]
[TimeControl "40/5400+30:900+30"]

1. e4 {[%emt 0:00:13]} d6 {[%emt 0:00:54]} 2. d4 {[%emt 0:00:48]} Nf6 {[%emt 0:00:30]} 3. Nc3 {[%emt 0:00:17]} e5 {[%emt 0:00:12]} 4. Nf3 {[%emt 0:00:16]} Nbd7 {[%emt 0:00:07]} 5. Bc4 {[%emt 0:00:32]} Be7 {[%emt 0:00:11]} 6. O-O {[%emt 0:00:36]} O-O {[%emt 0:00:04]} 7. a4 {[%emt 0:00:34]} c6 {[%emt 0:02:47]} 8. Re1 {[%emt 0:02:54]} b6 {[%emt 0:14:20]} 9. d5 {[%emt 0:11:32]} Bb7 {[%emt 0:00:14]} 10. dxc6 {[%emt 0:06:40]} Bxc6 {[%emt 0:00:27]} 11. Bg5 {[%emt 0:00:14]} Rc8 {[%emt 0:02:23]} 12. Bxf6 {[%emt 0:05:02]} Nxf6 {[%emt 0:00:41]} 13. Qd3 {[%emt 0:00:36]} Bb7 {[%emt 0:01:26]} 14. Nd2 {[%emt 0:04:19]} Qc7 {[%emt 0:10:20]} 15. Bb3 {[%emt 0:03:48]} Rfd8 {[%emt 0:00:17]} 16. Nf1 {[%emt 0:02:13]} Bf8 {[%emt 0:00:30]} 17. Ne3 {[%emt 0:02:33]} g6 {[%emt 0:01:55]} 18. a5 {[%emt 0:04:16]} Bh6 {[%emt 0:04:05]} 19. axb6 {[%emt 0:03:42]} axb6 {[%emt 0:00:07]} 20. Ned5 {[%emt 0:02:21]} Nxd5 {[%emt 0:00:25]} 21. Bxd5 {[%emt 0:04:33]} Bxd5 {[%emt 0:00:28]} 22. Qxd5 {[%emt 0:00:11]} Qc5 {[%emt 0:06:30]} 23. Qd1 {[%emt 0:06:35]} Qd4 {[%emt 0:00:38]} 24. Qf3 {[%emt 0:02:58]} b5 {[%emt 0:00:10]} 25. Red1 {[%emt 0:02:01]} Qc5 {[%emt 0:00:35]} 26. Nd5 {[%emt 0:03:27]} Ra8 {[%emt 0:00:37]} 27. c3 {[%emt 0:01:19]} Bf8 {[%emt 0:04:28]} 28. h4 {[%emt 0:01:46]} Ra4 {[%emt 0:02:09]} 29. b3 {[%emt 0:02:54]} Ra3 {[%emt 0:00:07]} 30. h5 {[%emt 0:02:03]} Rda8 {[%emt 0:02:43]} 31. b4 {[%emt 0:03:30]} Qc6 {[%emt 0:00:23]} 32. Rxa3 {[%emt 0:00:56]} Rxa3 {[%emt 0:00:01]} 33. Qh3 {[%emt 0:00:32]} Ra7 {[%emt 0:00:58]} 34. Rd3 {[%emt 0:01:52]} Bg7 {[%emt 0:00:28]} 35. Rf3 {[%emt 0:04:59]} Ra1+ {[%emt 0:00:37]} 36. Kh2 {[%emt 0:00:06]} Ra7 {[%emt 0:00:10]} 37. Qh4 {[%emt 0:00:34]} Qe8 {[%emt 0:00:24]} 38. h6 {[%emt 0:00:45]} Bh8 {[%emt 0:00:51]} 39. c4 {[%emt 0:00:53]} bxc4 {[%emt 0:00:21]} 40. Rc3 {[%emt 0:00:00]} 1-0

[Event "MGL-HUN Friendship Cup 2019"]
[Site "Debrecen"]
[Date "2019.09.14"]
[Round "9.3"]
[White "Baklan, Vladimir"]
[Black "Kovchan, Alexander"]
[Result "1/2-1/2"]
[WhiteElo "2604"]
[BlackElo "2567"]
[Annotator "TA"]
[PlyCount "52"]
[EventDate "2019.09.09"]
[EventType "tourn"]
[EventCountry "HUN"]
[SourceTitle "playchess.com"]
[Source "ChessBase"]
[SourceQuality "1"]

{[%evp 22,31,0,0,0,0,5,0,14,4,8,8]} 1. Nf3 Nf6 2. g3 g6 3. Bg2 Bg7 4. O-O O-O 5. c4 c6 6. d4 d5 7. cxd5 cxd5 8. Ne5 e6 9. Nc3 Nfd7 10. Nxd7 Bxd7 11. b3 Nc6 12. e3 {The position is equal.} Qa5 {D79: Fianchetto Grünfeld: Symmetrical Variation (6 0-0 c6 7 cxd5 cxd5)} 13. Bd2 Qa3 (13... Qa6 14. Qb1 Rac8 15. Rd1 Rfd8 16. a3 b6 17. b4 Ne7 18. b5 Qb7 19. Qd3 Nf5 20. a4 Be8 21. Na2 Nd6 22. Rac1 Rxc1 {½-½ (22) Tikkanen,H (2586)-L'Ami,E (2594) Stockholm 2012}) 14. Bc1 Qe7 15. Qd2 Rfc8 16. Bb2 {Predecessor:} Qb4 $146 17. Rfd1 Ne7 18. Rac1 Bf8 19. Bf1 Nf5 20. Bd3 Nd6 21. Qe2 a5 22. e4 dxe4 23. Nxe4 Nxe4 24. Bxe4 Bg7 25. Qf3 Rxc1 26. Rxc1 Rc8 {½-½ (24) Izsak,G (2440)-Kerek,K (2358) Hungary 2003} 1/2-1/2

[Event "MGL-HUN Friendship Cup 2019"]
[Site "Debrecen"]
[Date "2019.09.15"]
[Round "10.1"]
[White "Lajthajm, Borko"]
[Black "Baklan, Vladimir"]
[Result "1/2-1/2"]
[WhiteElo "2414"]
[BlackElo "2604"]
[Annotator "TA"]
[PlyCount "98"]
[EventDate "2019.09.09"]
[EventType "tourn"]
[EventCountry "HUN"]
[SourceTitle "playchess.com"]
[Source "ChessBase"]
[SourceQuality "1"]

{[%evp 10,98,43,25,27,12,25,20,45,17,26,13,13,15,16,5,8,8,8,0,5,3,10,4,0,0,0,0,10,-17,-13,-8,0,-55,-8,-16,-16,-31,-31,-24,-6,-7,-6,-21,-4,-4,-4,-4,-4,-4,0,-4,-4,-5,0,-4,-4,-6,-6,-7,-4,-13,-6,-19,-15,-78,-86,-91,-85,-90,-92,-80,-93,-89,-85,-104,-50,-69,-2,-8,0,0,0,0,0,0,0,0,0,0,0]} 1. d4 Nf6 2. c4 e6 3. Nf3 b6 4. g3 Bb7 5. Bg2 g6 6. O-O Bg7 {E16: Queen's Indian: 4 g3 Bb7 5 Bg2 Bb4+} 7. Bf4 O-O 8. Nc3 d6 9. Qd2 Nbd7 10. Bh6 Ne4 11. Nxe4 Bxe4 12. Qe3 $146 ({Predecessor:} 12. Bxg7 Kxg7 13. Ne1 Bxg2 14. Nxg2 a5 15. Rfd1 Qe7 16. Nf4 Nf6 {½-½ (34) Fang,Y (2463)-Wang,H (2737) Daqing 2019}) 12... Bb7 13. Rfd1 Re8 14. Rac1 Nf6 {[#] Threatens to win with ...Ng4.} 15. Bxg7 Kxg7 16. c5 Bd5 17. cxd6 cxd6 18. Ne1 Qd7 19. Qa3 Bxg2 20. Nxg2 Rec8 21. Ne3 (21. f3 $11) 21... d5 22. Qa6 Ne4 23. f3 Nd6 24. Ng4 f6 25. Qd3 h5 26. Nf2 Rxc1 (26... Rc7 {feels hotter.} 27. Rxc7 Qxc7 28. Qe3 Rc8 29. Nd3 Qf7) 27. Rxc1 Rc8 28. Rxc8 Qxc8 29. Qd2 Qc6 30. b3 g5 31. Kf1 Kf7 32. Nd3 Qc7 33. Nf2 Nf5 34. Kg1 Qd6 35. Qc3 a5 {[%cal Ba7a5,Ba5b4][%mdl 32]} 36. Nd3 Ke7 37. Nf2 {[#]} (37. b4 $11) 37... Qb4 $1 $17 {[%cal Rb4c3]} 38. Qxb4+ axb4 {[%mdl 4096] Endgame KN-KN} 39. Nd3 Nxd4 40. Kf2 Nc6 41. e4 Kd6 42. h3 b5 (42... e5 $17) 43. Ke3 dxe4 (43... e5 $15) 44. fxe4 $11 {The position is equal.} f5 45. h4 gxh4 46. gxh4 Ne7 47. Nf4 Ke5 48. Nd3+ Kd6 49. Nf4 Ke5 {Accuracy: White = 48%, Black = 61%.} 1/2-1/2

[Event "MGL-HUN Friendship Cup 2019"]
[Site "Debrecen"]
[Date "2019.09.15"]
[Round "10.2"]
[White "Kovchan, Alexander"]
[Black "Nomin-Erdene, Davaademberel"]
[Result "1/2-1/2"]
[WhiteElo "2567"]
[BlackElo "2377"]
[Annotator "TA"]
[PlyCount "37"]
[EventDate "2019.09.09"]
[EventType "tourn"]
[EventCountry "HUN"]
[SourceTitle "playchess.com"]
[Source "ChessBase"]
[SourceQuality "1"]

{[%evp 20,21,19,0]} 1. e4 c6 2. d4 d5 3. Nd2 dxe4 4. Nxe4 Bf5 5. Ng3 Bg6 6. Nf3 Nd7 7. h4 h6 8. h5 Bh7 9. Bd3 Bxd3 10. Qxd3 e6 11. Bf4 {Predecessor:} Qa5+ $146 12. Bd2 Bb4 13. c3 Be7 14. c4 Qc7 15. d5 cxd5 16. cxd5 Qd6 17. Qb5 Ngf6 18. dxe6 Qxe6+ 19. Kf1 {1-0 (64) Kokarev,D (2622)-Rozum,I (2586) Khanty-Mansiysk 2017} 1/2-1/2

[Event "MGL-HUN Friendship Cup 2019"]
[Site "Debrecen"]
[Date "2019.09.15"]
[Round "10.3"]
[White "Laketic, Gojko"]
[Black "Varga, Zoltan"]
[Result "1/2-1/2"]
[WhiteElo "2367"]
[BlackElo "2437"]
[Annotator "ChessBase"]
[PlyCount "24"]
[EventDate "2019.09.09"]
[EventType "tourn"]
[EventCountry "HUN"]
[SourceTitle "playchess.com"]
[Source "ChessBase"]
[SourceQuality "1"]
[TimeControl "40/5400+30:900+30"]

1. d4 {[%emt 0:01:16]} d6 {[%emt 0:00:06]} 2. e4 {[%emt 0:04:25]} Nf6 {[%emt 0:01:12]} 3. Nc3 {[%emt 0:01:42]} e5 {[%emt 0:00:22]} 4. Nf3 {[%emt 0:01:35]} Nbd7 {[%emt 0:00:30]} 5. Bc4 {[%emt 0:00:18]} Be7 {[%emt 0:00:08]} 6. O-O {[%emt 0:00:54]} O-O {[%emt 0:00:15]} 7. Re1 {[%emt 0:00:44]} c6 {[%emt 0:00:30]} 8. a4 {[%emt 0:00:41]} b6 {[%emt 0:05:49]} 9. h3 {[%emt 0:14:22]} Bb7 {[%emt 0:02:19]} 10. d5 {[%emt 0:11:28]} cxd5 11. Nxd5 {[%emt 0:00:10]} Rc8 {[%emt 0:09:44]} 12. Nxf6+ {[%emt 0:03:06]} Nxf6 {[%emt 0:02:09]} 1/2-1/2